000 00440nam a22001697a 4500
003 NUST - PNEC
005 20170116180919.0
008 150904b xxu||||| |||| 00| 0 eng d
020 _a0071139451
040 _cLIBRARY
082 _a621.3 FOW
100 _97625
_aFowler, Richard J.
245 _a Electricity : principles and applications
_c Richard J.Fowler
260 _cc.1994
650 _97629
_aElectricity
_xEE
942 _2ddc
_cBK
999 _c65549
_d65549